<?xml version="1.0" encoding="UTF-8"?>
<collection xmlns="http://www.loc.gov/MARC21/slim">
  <record>
    <leader>00000nam  2200000   4500</leader>
    <controlfield tag="001">INLIS000000000018236</controlfield>
    <controlfield tag="005">20240917033330</controlfield>
    <datafield tag="035" ind1="#" ind2="#">
      <subfield code="a">0010-0924000065</subfield>
    </datafield>
    <controlfield tag="007">ta</controlfield>
    <controlfield tag="008">240917################|##########|#|##</controlfield>
    <datafield tag="084" ind1="#" ind2="#">
      <subfield code="a">R 076 PIM I 2023</subfield>
    </datafield>
    <datafield tag="100" ind1=" " ind2="#">
      <subfield code="a">Canka Amprawati Suryadi</subfield>
    </datafield>
    <datafield tag="245" ind1="1" ind2="#">
      <subfield code="a">Transformasi Tata Kelola Pengelolaan Jabatan Fungsional Bidang PUPR /</subfield>
      <subfield code="c">Canka Amprawati Suryadi</subfield>
    </datafield>
    <datafield tag="260" ind1="#" ind2="#">
      <subfield code="a">Jakarta :</subfield>
      <subfield code="b">Pusbangkom Pimnas dan Manajerial ASN,</subfield>
      <subfield code="c">2023</subfield>
    </datafield>
    <datafield tag="300" ind1="#" ind2="#">
      <subfield code="a">82 halaman ;</subfield>
      <subfield code="c">30 cm</subfield>
    </datafield>
    <datafield tag="650" ind1="#" ind2="4">
      <subfield code="a">Jabatan Fungsional</subfield>
    </datafield>
    <datafield tag="520" ind1="#" ind2="#">
      <subfield code="a">ASN PUPR harus didorong untuk menjadi pejabatan fungsional dalam rangka meningkatkan kuantitas dan kualitas infrastruktur yang dibangun oleh Kementerian PIPR. Karena dengan menjadi Pejabat Fungsional maka keahlian dan peningkatan kompetensinya akan semakin bertambah. Sebagai instansi pembina jabatan fungsional bidang PUPR, Kementerian PUPR memiliki 11 jabatan fungsional yang harus dikelola dengan baik. Untuk itu dengan terbitnya Permen PAN-RB No. 1 tahun 2023 tentang jabatan fungsional dan PerKA BKN No.3 tahun 2023 tentang Angka kredit, kenaikan pangkat dan jenjang jabatan fungsional harus segera ditindak lanjuti dengan penerbitan pengaturan jabatan fungsional bidang PUPR.</subfield>
    </datafield>
    <datafield tag="856" ind1="#" ind2="#">
      <subfield code="a">Perpustakaan LAN Pusat</subfield>
    </datafield>
    <datafield tag="990" ind1="#" ind2="#">
      <subfield code="a">24.09.076</subfield>
    </datafield>
  </record>
</collection>
